LEADER 01093nam0-22003131i-450- 001 990006541840403321 005 20001010 035 $a000654184 035 $aFED01000654184 035 $a(Aleph)000654184FED01 035 $a000654184 100 $a20001010d--------km-y0itay50------ba 101 0 $aita 105 $ay-------001yy 200 1 $aRappresentanza politica e distribuzione dei seggi negli stati membri della federazione americana$fStephen P. Koff,Guglielmo Negri 210 $aRoma$cs.e.$d1968. 215 $a15 p.$d22 cm 300 $a"Estratto dal 'Bollettino di Informazioni costituzionali e parlamentari n. 3 del 1967 (anno 18.), edito dalla Camera dei Deputati". 676 $a324.973 700 1$aKoff,$bStephen P.$0245909 702 1$aNegri,$bGuglielmo$f<1926- > 801 0$aIT$bUNINA$gRICA$2UNIMARC 901 $aBK 912 $a990006541840403321 952 $aBUSTA I C 30$b1308$fFSPBC 959 $aFSPBC 996 $aRappresentanza politica e distribuzione dei seggi negli stati membri della federazione americana$9619480 997 $aUNINA DB $aGEN01 LEADER 01243nam--2200397---450- 001 990005949110203316 005 20140526133312.0 010 $a978-0-470-41169-8 035 $a000594911 035 $aUSA01000594911 035 $a(ALEPH)000594911USA01 035 $a000594911 100 $a20140526d2010----km-y0itay50------ba 101 $aeng 102 $aUS 105 $a||||||||001yy 200 1 $aMultivariate statistics$eHigh-dimensional and large-sample approximations$fYasunori Fujikoshi, Vladimir V. Ulyanov, Ryoichi Shimizu 210 $aHoboken N.J.$cWiley$d2010 215 $aXVIII, 533 p.$d24 cm. 225 2 $aWiley series in probability and statistics 410 0$1001$12001$aWiley series in probability and statistics 454 1$12001 461 1$1001-------$12001 606 0 $aAnalisi multivariata$2BNCF 676 $a519.535 700 1$aFUJIKOSHI$byasunori$0618912 701 1$aULYANOV$bVladimir V.$0618913 701 $aSHIMIZU,$BRyoichi$0618914 801 0$aIT$bsalbc$gISBD 912 $a990005949110203316 951 $a519.535 FUJ$b255 DISES 959 $aBK 969 $aDISES 979 $aMORRIELLO$b90$c20140526$lUSA01$h1333 996 $aMultivariate statistics$91070429 997 $aUNISA